Bacterias marinas heterótrofas aerobias aisladas del mar argentino : II. taxonomía y nutrición /

Guardado en:
Autor Principal: Casellas, J. M.
Formato: Libro
Idioma:Spanish
Etiquetas: Agregar Etiqueta
Sin Etiquetas, Sea el primero en etiquetar este registro!
LEADER 00416nam a22001215a 4500
001 EUN.um029984
003 AR-BaUNS
005 20050623122905.0
008 041125b########xx############000#0#spa#d
245 1 0 |a Bacterias marinas heterótrofas aerobias aisladas del mar argentino :  |b II. taxonomía y nutrición /  |c J. M. Casellas. 
100 1 |a Casellas, J. M. 
082 0 4 |a 589.9 
859 |a Ar-BaUNS  |b BIB. CENTRAL - Sector C  |h 589.9  |i C267  |p 63508/972